Research of Individual Logistics Performance Index Indicators in European Union Countries

Účelom článku je poskytnúť komplexný pohľad na Index logistickej výkonnosti a jeho využitie pri porovnávaní logistických systémov rôznych krajín. Cieľom je poskytnúť informácie, ktoré môžu byť užitočné pre širšiu verejnosť ako napr. pre orgizácie a tvorcov politiky, ktorí sa zaujímajú o logistický v...

Description complète

Enregistré dans:
Détails bibliographiques
Auteur principal: Jonasíková, Dominika
Autres auteurs: Konečný, Vladimír
Format: Chapitre de livre
Langue:anglais
Sujets:
Tags: Ajouter un tag
Pas de tags, Soyez le premier à ajouter un tag!

MARC

LEADER 00000naa a2200000 4500
001 0303134
005 20240722101144.4
041 0 |a eng 
044 |a SK 
245 1 0 |a Research of Individual Logistics Performance Index Indicators in European Union Countries  |c Dominika Jonasíková, Vladimír Konečný 
520 |a Účelom článku je poskytnúť komplexný pohľad na Index logistickej výkonnosti a jeho využitie pri porovnávaní logistických systémov rôznych krajín. Cieľom je poskytnúť informácie, ktoré môžu byť užitočné pre širšiu verejnosť ako napr. pre orgizácie a tvorcov politiky, ktorí sa zaujímajú o logistický výkon a konkurencieschopnosť na národnej a medzinárodnej úrovni. 
610 2 0 |a výkonnosť 
610 2 0 |a indexy 
610 2 0 |a logistika 
610 2 0 |a ukazovatele 
610 2 0 |a porovnanie medzinárodné 
610 2 0 |a Európska únia 
100 1 |a Jonasíková, Dominika 
700 1 |a Konečný, Vladimír